000 00886nmm a2200289 a 4500
001 ocm000924672
003 TR-IsHL
005 20201028145140.0
008 150110s2012 tu tur
007 cr cn
020 _a9786054611058
035 _a924672
_b(N$T)
050 0 4 _aPK6549.S52
_bK38 2012
090 0 4 _aPK6549.S52
_bK38 2012
100 1 _aAksu, Celallettin
245 1 0 _aKatre-i aşk
_h[electronic resource] /
_cCelallettin Aksu
260 _aİstanbul :
_bMola Kitap,
_c2012
300 _a337 p.
650 4 _aDil ve Edebiyat
650 4 _aLanguage and Literature
650 0 _aŞems-i Tebrizi, d. 1246?
650 0 _aShams-i Tabrizi, d. 1246?
650 0 _aTasavvuf
650 0 _aSufism
650 7 _aLITERARY COLLECTIONS / Middle Eastern
_2bisacsh
856 4 0 _uhttp://search.ebscohost.com/login.aspx?direct=true&scope=site&db=e011xww&AN=924672
999 _c9806
_d9806